Statistics for Cities with the Largest Marathons

Click here to take the quiz!

General Stats

  • This quiz has been taken 1,348 times
    (680 since last reset)
  • The average score is 8 of 14

Answer Stats

FinishersCity% Correct
50,386New York City
98%
35,878London
94%
31,932Boston
91%
38,575Paris
87%
28,984Berlin
85%
21,508Los Angeles
82%
40,595Chicago
81%
34,097Tokyo
79%
19,689Washington DC
38%
28,076Osaka
25%
19,201Orlando
14%
21,814Honolulu
11%
17,027Kobe
4%
20,027Naha
1%

Score Distribution

Percentile by Number Answered

Percent of People with Each Score

Your Score History

You have not taken this quiz since the last reset